Slováci v Čiernej Hore kto sme, čo sme a kam ideme-

Bibliographic Details
Format: Book
Language:Slovak
Macedonian
PhysicalDescription:63 s. fotogr., ilustr., mapy, portr. 24 cm
Published: Podgorica Crnogorsko slovačko prijateljstvo 2009
ISBN:9789940542009 (brož.)
Subjects:

MARC

LEADER 00000nam a2200000 a 4500
001 vtls009526793
003 SK-MaSNL
005 20260425235453.0
008 160610s2009 yu oabc 000 0dslo
015 |a SNBZSA2009-00454 
020 |a 9789940542009 (brož.) 
035 |a 323AA14E-A050-4D98-8CA3-95298263EBC7 
035 |a urn:nbn:sk:snk-aml1xg 
035 |a urn:nbn:sk:snk-am008mim 
040 |a SNK  |b slo  |c SNK  |e AACR2 
041 0 |a slo  |a mac 
043 |a e-mo---  |a e-xo--- 
044 |a mo  |c ME 
072 7 |a 392  |x Zvyky, mravy, obyčaje v súkromnom živote  |2 konspekt 
072 7 |a 930.85  |x Dejiny civilizácie. Kultúrne dejiny  |2 konspekt 
080 |a 323.15(=162.4)  |2 2001 
080 |a 392.71(=162.4)(497.16):(437.6)  |2 2001 
080 |a 930.85(=162.4)  |2 2001 
245 0 0 |a Slováci v Čiernej Hore  |b kto sme, čo sme a kam ideme- 
246 1 1 |a Slovaci u Crnoj Gori  |b ko smo, što smo i kuda idemo- 
260 |a Podgorica  |b Crnogorsko slovačko prijateljstvo  |c 2009 
300 |a 63 s.  |b fotogr., ilustr., mapy, portr.  |c 24 cm 
500 |a 400 výt. 
546 |a Text čiast. čiernohor. 
610 2 7 |a Čiernohorsko-slovenské priateľstvo  |c Podgorica, Čierna Hora  |2 snkbuxs  |9 538838 
650 0 7 |a Slováci  |2 SNKPH  |9 22552 
650 0 7 |a kultúrne dejiny  |2 SNKPH  |9 4307 
650 0 7 |a Slovaks  |2 SNKPHeng  |9 265192 
650 0 7 |a Cultural history  |2 SNKPHeng  |9 267439 
651 7 |a Slovensko  |2 SNKPHgeo  |9 14231 
651 7 |a Čierna Hora  |2 SNKPHgeo  |9 17341 
651 7 |a Slovakia  |2 SNKPHeng  |9 92630 
651 7 |a Čierna Hora  |2 SNKPHeng  |9 17341 
655 7 |a prehľady  |2 SNKPH  |9 70194 
655 7 |a Surveys  |2 SNKPHeng  |9 266058 
852 |a Štátna vedecká knižnica v Banskej Bystrici 
919 |a 978-9940-542-00-9 
958 |a ZS 
958 |a ME 
958 |a OND 
999 |c 830488  |d 832418 
952 |a SNK  |b SNK  |y PREZ  |7 0  |p 17A0627595  |o snkSC 136776  |i snk2009/13977  |8 2  |g 2.32  |0 0  |1 0  |4 0  |d 2009-06-17  |f 1  |l 0  |r 2025-07-02 00:00:00  |w 2026-02-24 
952 |a SNK  |b SNK  |y VYP  |7 0  |p 17A1126523  |o snkSC 136776 D1  |i snk2018/27381  |8 1  |0 0  |1 0  |4 0  |d 2018-12-17  |l 0  |r 2026-02-24 03:36:16  |w 2026-02-24